| 000 | 01289 a2200253 4500 | ||
|---|---|---|---|
| 005 | 2008090301451.0 | ||
| 008 | 080903t xxu||||| |||| 00| 0 hin d | ||
| 010 | _aHIN-78888 | ||
| 020 |
_c54.00 _a8177097091 |
||
| 035 | _aHN-51234 | ||
| 037 | _bD.B.Act / pub | ||
| 082 | _a160 | ||
| 100 | _aझा, शत्रुध्न | ||
| 245 |
_aइंटर आगमन तर्कशास्त्र _cशत्रुध्न झा _bबिहार इंटरमीडिएट शिक्षा परिषद के नवीन पाठ्यक्रम पर आधृत |
||
| 246 |
_aInter Aagman Tarkshastra _bby Shatrughan Jha |
||
| 250 | _a3रा संस्क | ||
| 260 |
_aपटना _bभारती भवन _c2006 |
||
| 270 |
_aठाकुरबाड़ी रोड़, कदमकुआँ _bपटना _e800003 |
||
| 300 |
_a246पृ _c22सेमी (अजिल्द) |
||
| 650 | _aतर्कशास्त्र | ||
| 700 | _aमिश्र, सुनील चंद्र | ||
| 942 |
_adpl _cHN _k160 / झाशत्रु _2ddc _h160 _mझाशत्र |
||
| 999 |
_c952 _d952 |
||